Éducation à l’environnement : Une histoire et un dictionnaire (notice n° 2124951)

détails MARC
000 -LEADER
fixed length control field 01554cam a2200157 4500500
005 - DATE AND TIME OF LATEST TRANSACTION
control field 20260405020715.0
041 ## - LANGUAGE CODE
Language code of text/sound track or separate title fre
042 ## - AUTHENTICATION CODE
Authentication code dc
100 10 - MAIN ENTRY--PERSONAL NAME
Personal name Bachelart, Dominique
Relator term author
245 00 - TITLE STATEMENT
Title Éducation à l’environnement : Une histoire et un dictionnaire
260 ## - PUBLICATION, DISTRIBUTION, ETC.
Name of publisher, distributor, etc. La Documentation française,<br/>
Date of publication, distribution, etc. 2025.<br/>
520 ## - SUMMARY, ETC.
Summary, etc. De "l'animation environnementale" à "l'éducation à l'environnement" : explorez les décennies 1970-1990, où des concepts éducatifs, des pédagogies et des organisations ont émergé, donnant naissance à un secteur clé d'aujourd’hui.Les fondements historiques des pratiques actuelles d'éducation à l'environnement ;Les acteurs clés – bénévoles, volontaires, puis animateurs permanents – et leurs expérimentations concrètes sur le terrain ;La relation complexe et complémentaire entre l'éducation à l'environnement hors de l'école et l'institution scolaire, marquée par des figures d'enseignants engagés ;Un dictionnaire des notions et acteurs clés et du vocabulaire de cette période, offrant un éclairage indispensable pour comprendre les enjeux et les termes d'aujourd'hui ;Une analyse documentée, fondée sur des archives, des entretiens avec d'anciens acteurs et des journées d'étude.Ce livre vous apportera un éclairage sur les débuts d'un domaine en constante évolution.
700 10 - ADDED ENTRY--PERSONAL NAME
Personal name Besse, Laurent
Relator term author
700 10 - ADDED ENTRY--PERSONAL NAME
Personal name Cottereau, Dominique
Relator term author
856 41 - ELECTRONIC LOCATION AND ACCESS
Uniform Resource Identifier <a href="https://shs.cairn.info/education-a-l-environnement--9782111742451?lang=fr&redirect-ssocas=7080">https://shs.cairn.info/education-a-l-environnement--9782111742451?lang=fr&redirect-ssocas=7080</a>

Pas d'exemplaire disponible.

PLUDOC

PLUDOC est la plateforme unique et centralisée de gestion des bibliothèques physiques et numériques de Guinée administré par le CEDUST. Elle est la plus grande base de données de ressources documentaires pour les Étudiants, Enseignants chercheurs et Chercheurs de Guinée.

Adresse

627 919 101/664 919 101

25 boulevard du commerce
Kaloum, Conakry, Guinée

Réseaux sociaux

Powered by Netsen Group @ 2025